Sri Andriati

Bibliographic Details
Main Author: Othman Puteh
Format: Book
Published: Kuala Lumpur : Dewan Bahasa Dan Pustaka , 1999
Subjects:

MARC

LEADER 00000cam a2200000 7i4500
001 0000020552
005 20160330.0
008 080630
020 |a 9836237062 
090 0 0 |a OTH   |b MAL 
100 0 |a Othman Puteh 
245 1 0 |a Sri Andriati   |c Othman Puteh 
260 |a Kuala Lumpur :   |b Dewan Bahasa Dan Pustaka ,   |c 1999 
500 |a Teenager ages 13-18 years old (blue) 
650 0 |a Malay fiction 
999 |a 0001027172   |b Book   |c Teenagers   |e Perbadanan Perpustakaan Awam Johor 
999 |a 0001027173   |b Book   |c Teenagers   |e Perbadanan Perpustakaan Awam Johor 
999 |a 0001027174   |b Book   |c Teenagers   |e Perbadanan Perpustakaan Awam Johor